|
|
|
|
| LEADER |
01042nam a2200253 a 4500 |
| 001 |
31064 |
| 003 |
BD-DhAAL |
| 005 |
20160421103007.0 |
| 008 |
160421s2002 bg s f000 0 eng d |
| 040 |
|
|
|a BD-DhAAL
|d BD-DhAAL
|
| 082 |
0 |
0 |
|a 331.11/095492/021
|2 20
|
| 999 |
|
|
|c 37452
|d 37452
|
| 999 |
|
|
|c 10761
|
| 245 |
0 |
0 |
|a Report of the labour force survey Bangladesh, 1999-2000.
|
| 260 |
|
|
|a Dhaka, Bangladesh :
|b Industry and Labour Wing Bangladesh Bureau of Statistics, Statistics Division, Ministry of Planning, Govt. of the People's Republic of Bangladesh,
|c 2002
|
| 300 |
|
|
|a xx, 455 p. ;
|c 28 cm.
|
| 500 |
|
|
|a Chiefly statistical tables.
|
| 541 |
|
|
|e 31064
|
| 650 |
|
0 |
|a Labor supply
|z Bangladesh
|x Statistics.
|9 19159
|
| 650 |
|
0 |
|a Household surveys
|z Bangladesh.
|9 19160
|
| 710 |
1 |
|
|a Bangladesh.
|b Bureau of Statistics
|9 19161
|
| 852 |
4 |
|
|a Ayesha Abed Library
|j General shelf
|
| 942 |
|
|
|2 ddc
|c BK
|
| 952 |
|
|
|0 0
|1 0
|2 ddc
|4 0
|6 331_110954920210000_REP
|7 0
|9 58809
|a IGS
|b IGS
|c GEN
|d 2016-04-21
|l 0
|o 331.11095492021 REP
|p 3010031064
|r 2016-04-21
|t 1
|w 2016-04-21
|y BK
|